Moderné manažérske trendy v riadení tržieb

Trendy v riadení cien a tržieb. Modely tržieb - opakovateľný model tržieb, transakčný model tržieb, projektový model tržieb, servisný model tržieb. Model tržieb a jeho zobrazenie. Cenový model.

Salvato in:
Dettagli Bibliografici
Autore principale: Remeňová, Katarína, 1982-
Altri autori: Szabo, Ľuboslav
Natura: Capitolo di libro
Lingua:slovacco
Soggetti:
Tags: Aggiungi Tag
Nessun Tag, puoi essere il primo ad aggiungerne!!

MARC

LEADER 00000naa$a2200000$$$4500
001 0260189
005 20240502074121.5
041 0 |a slo 
044 |a SK 
245 1 0 |a Moderné manažérske trendy v riadení tržieb  |c Katarína Remeňová, Ľuboslav Szabo 
520 |a Trendy v riadení cien a tržieb. Modely tržieb - opakovateľný model tržieb, transakčný model tržieb, projektový model tržieb, servisný model tržieb. Model tržieb a jeho zobrazenie. Cenový model. 
610 2 0 |a podnik 
610 2 0 |a tržby 
610 2 0 |a ceny 
610 2 0 |a riadenie 
610 2 0 |a modely 
100 1 |a Remeňová, Katarína, 1982- 
700 1 |a Szabo, Ľuboslav